| 000 | 01026cam a22003373a 4500 | ||
|---|---|---|---|
| 001 | 768 | ||
| 003 | PGUSA | ||
| 005 | 20140828082952.0 | ||
| 008 | 961201s1996||||xxu|||||s|||||000 1 eng d | ||
| 040 |
_aPGUSA _beng |
||
| 042 | _adc | ||
| 050 | 4 | _aPR | |
| 100 | 1 |
_aBrontë, Emily, _d1818-1848 |
|
| 245 | 1 | 0 |
_aWuthering Heights _h[electronic resource] / _cEmily Brontë |
| 260 |
_bProject Gutenberg, _c1996 |
||
| 506 | _aPublic domain in the USA. | ||
| 516 | _aElectronic text | ||
| 653 | _aHeathcliff (Fictitious character : Brontë) -- Fiction | ||
| 653 | _aRejection (Psychology) -- Fiction | ||
| 653 | _aPsychological fiction | ||
| 653 | _aRural families -- Fiction | ||
| 653 | _aDomestic fiction | ||
| 653 | _aLove stories | ||
| 653 | _aTriangles (Interpersonal relations) -- Fiction | ||
| 653 | _aRevenge -- Fiction | ||
| 653 | _aYorkshire (England) -- Fiction | ||
| 653 | _aFoundlings -- Fiction | ||
| 830 | 0 |
_aProject Gutenberg _v768 |
|
| 856 | 4 | 0 | _uhttp://www.gutenberg.org/ebooks/768 |
| 942 | _cEB | ||
| 999 |
_c230119 _d230119 |
||